[Event "8th Dubai Open"]
[Site "Dubai UAE"]
[Date "2006.04.28"]
[Round "6"]
[White "Sadatnajafi,M"]
[Black "Ghane,S"]
[Result "0-1"]
[WhiteElo "2222"]
[BlackElo "2352"]
[EventDate "2006.04.23"]

1. e4 e6 2. d4 d5 3. Nc3 Nc6 4. Nf3 Nf6 5. Bg5 Be7 6. e5 Ne4 7. Bxe7 Qxe7
8. Bd3 Qb4 9. Bxe4 Qxb2 10. Nxd5 exd5 11. Bxd5 Qc3+ 12. Kf1 Be6 13. Bxe6
fxe6 14. Rb1 O-O-O 15. Rb3 Qa5 16. Qa1 Rhf8 17. h4 Qa6+ 18. Kg1 Qe2 19. c3
Nxe5 20. Nxe5 Qxf2+ 21. Kh2 Qxh4+ 22. Kg1 Qf2+ 23. Kh2 Rf4 24. c4 Rdxd4 25.
Rh3 Rd2 26. Rg1 Rf5 27. Kh1 Rxa2 28. Qe1 h6 29. Qxf2 Raxf2 30. Nd3 Rc2 31.
c5 Rc3 32. Re1 Rd5 33. Ree3 a5 34. Rhf3 a4 35. Nf4 Rxe3 36. Rxe3 Rxc5 37.
Nxe6 Rc1+ 38. Kh2 b5 39. Ra3 g6 40. g4 c5 41. Nf4 Rc4 42. Kg3 Rb4 43. Ra1
Rb3+ 44. Kg2 a3 45. Nxg6 b4 46. Ne7+ Kd7 47. Nf5 Rb2+ 48. Kf3 a2 49. Nxh6
b3 50. g5 Rb1 51. g6 Rxa1 52. g7 Rg1 0-1

[Event "8th Dubai Open"]
[Site "Dubai UAE"]
[Date "2006.04.28"]
[Round "6"]
[White "Monir,A"]
[Black "Teichmann,E"]
[Result "0-1"]
[WhiteElo "2121"]
[BlackElo "2320"]
[EventDate "2006.04.23"]

1. e4 Nc6 2. d4 e5 3. d5 Nce7 4. c4 Ng6 5. Nf3 Bc5 6. Be3 Qe7 7. Nc3 Nf6 8.
Bxc5 Qxc5 9. Bd3 O-O 10. g3 c6 11. a3 a5 12. Na4 Qa7 13. d6 b5 14. cxb5
cxb5 15. Nc3 Ba6 16. h4 h5 17. Ng5 Qb6 18. Be2 b4 19. Nd5 Nxd5 20. Qxd5
bxa3 21. b3 Rac8 22. Bxa6 Qxa6 23. Qd1 Rc3 24. Qe2 Qxe2+ 25. Kxe2 Rxb3 26.
Rhd1 Rc8 27. Nf3 Rcc3 28. Nd2 Rb2 29. Rdc1 Rxc1 30. Rxc1 a2 31. Ra1 Nf8 32.
Ke3 Ne6 33. Nc4 Nd4 34. Kd3 Rxf2 35. Nxa5 Nc2 0-1

[Event "8th Dubai Open"]
[Site "Dubai UAE"]
[Date "2006.04.28"]
[Round "6"]
[White "Narayanan,S"]
[Black "Bistric,F"]
[Result "0-1"]
[WhiteElo "2170"]
[BlackElo "2430"]
[EventDate "2006.04.23"]

1. e4 c5 2. Nf3 e6 3. d4 cxd4 4. Nxd4 a6 5. Bd3 Qb6 6. Nb3 Qc7 7. O-O Nf6
8. Nc3 d6 9. f4 Nbd7 10. Qf3 b5 11. Be3 Bb7 12. Rae1 Be7 13. a3 Rc8 14. Qh3
Qb8 15. Kh1 O-O 16. Bd2 Rfd8 17. Nd4 Nc5 18. Re2 Nxd3 19. cxd3 Bf8 20. Nf3
Re8 21. d4 Qa8 22. e5 Ne4 23. Ng5 Nxg5 24. fxg5 dxe5 25. dxe5 Rc7 26. Nd1
Rd7 27. Ne3 Qd8 28. g6 hxg6 29. Be1 Qg5 30. Ng4 Rd4 31. Ne3 Red8 32. Kg1
Bc5 33. Bf2 Rd2 34. Ree1 R8d3 35. g4 Rxf2 36. Kxf2 Qf4+ 37. Ke2 Rxe3+ 38.
Kd1 Qd4+ 0-1

[Event "8th Dubai Open"]
[Site "Dubai UAE"]
[Date "2006.04.28"]
[Round "6"]
[White "Ihsan,J"]
[Black "El Arousy,A"]
[Result "0-1"]
[WhiteElo "2172"]
[BlackElo "2369"]
[EventDate "2006.04.23"]

1. c4 e5 2. Nc3 Nf6 3. Nf3 Nc6 4. d4 exd4 5. Nxd4 Bb4 6. e3 Bxc3+ 7. bxc3
O-O 8. Be2 d6 9. O-O Qd7 10. Rb1 b6 11. Bf3 Bb7 12. c5 d5 13. c4 Ne5 14.
cxd5 Nxf3+ 15. gxf3 Qxd5 16. c6 Ba6 17. Re1 Qxa2 18. Bb2 Rfd8 19. Qc1 Bd3
20. Ra1 Qc4 21. Qxc4 Bxc4 22. Rec1 b5 23. Ra5 a6 24. Rca1 b4 25. R1a4 Rd5
26. e4 Rxa5 27. Rxa5 Rb8 28. Rg5 Ne8 29. Nf5 f6 30. Bxf6 Nxf6 31. Rxg7+ Kf8
32. Rxc7 b3 33. Rb7 Rxb7 0-1

[Event "8th Dubai Open"]
[Site "Dubai UAE"]
[Date "2006.04.29"]
[Round "7"]
[White "Kulicov,O"]
[Black "Sethuraman,S"]
[Result "1/2-1/2"]
[WhiteElo "2407"]
[BlackElo "2231"]
[EventDate "2006.04.23"]

1. e4 e5 2. Nf3 Nc6 3. d4 exd4 4. Nxd4 Bc5 5. Nxc6 Qf6 6. Qf3 dxc6 7. Qxf6
Nxf6 8. f3 Be6 9. Nc3 O-O-O 10. Bd3 Rhe8 11. Bg5 Be7 12. O-O-O Nd7 13. Bxe7
Rxe7 14. a3 Ne5 15. Be2 Bc4 16. Rxd8+ Kxd8 17. Rd1+ Rd7 18. Rxd7+ Kxd7 19.
b3 Bxe2 20. Nxe2 Ke7 21. Kd2 Nd7 22. Ke3 Nc5 23. Nd4 a5 24. a4 Na6 25. f4
Nb4 26. c3 Na6 27. Nf5+ Kf6 28. Kd4 b6 29. Ke3 Nc5 30. Nd4 g6 31. g4 b5 32.
e5+ Kg7 33. axb5 cxb5 34. Nxb5 Nxb3 35. Nxc7 a4 36. Nb5 Kf8 37. Kd3 Ke7 38.
Kc4 Nd2+ 39. Kb4 g5 40. fxg5 Nf3 41. Nd4 Nxh2 42. Kxa4 Nxg4 43. Nf3 h6 44.
gxh6 Nxh6 45. Kb5 f6 46. exf6+ Kxf6 47. c4 Ke7 48. c5 Nf7 49. Kb6 Kd7 50.
Kb7 Nd8+ 51. Kb6 Ne6 52. Ne5+ Kc8 53. c6 Nd8 54. Nc4 Nxc6 55. Kxc6 1/2-1/2

[Event "8th Dubai Open"]
[Site "Dubai UAE"]
[Date "2006.04.29"]
[Round "7"]
[White "Petrosian,TL"]
[Black "Kacheishvili,G"]
[Result "1-0"]
[WhiteElo "2571"]
[BlackElo "2605"]
[EventDate "2006.04.23"]

1. e4 c6 2. d4 d5 3. Nc3 dxe4 4. Nxe4 Bf5 5. Ng3 Bg6 6. h4 h6 7. Nf3 Nd7 8.
h5 Bh7 9. Bd3 Bxd3 10. Qxd3 e6 11. Bf4 Ngf6 12. O-O-O Qa5 13. Kb1 Be7 14.
Ne4 Nxe4 15. Qxe4 Nf6 16. Qd3 Ng4 17. Qe2 Qf5 18. Bc1 Qb5 19. c4 Qf5+ 20.
Ka1 O-O-O 21. d5 c5 22. Nh4 Qxh5 23. g3 Rhe8 24. dxe6 Rxd1 25. Rxd1 Bxh4
26. exf7 Rxe2 27. f8=Q+ Re8 28. Qd6 Bf6 29. Rd5 Re5 30. Qxc5+ Kb8 31. Qd6+
Kc8 32. Qc5+ Kb8 33. Qd6+ Kc8 34. Qd7+ Kb8 35. Bf4 a6 36. Qd6+ Ka7 37. Qc5+
Kb8 38. Qd6+ Ka7 39. Bxe5 Nxe5 40. f4 Qh1+ 41. Rd1 Nxc4 42. Qc5+ 1-0

[Event "8th Dubai Open"]
[Site "Dubai UAE"]
[Date "2006.04.29"]
[Round "7"]
[White "Izoria,Z"]
[Black "Odeev,H"]
[Result "1-0"]
[WhiteElo "2647"]
[BlackElo "2492"]
[EventDate "2006.04.23"]

1. e4 c5 2. Nf3 d6 3. d4 cxd4 4. Nxd4 Nf6 5. Nc3 a6 6. Bg5 e6 7. f4 Qc7 8.
Bxf6 gxf6 9. Qd2 b5 10. Be2 b4 11. Nd1 Qb6 12. Ne3 Bb7 13. Bh5 Qc5 14. e5
Bc8 15. O-O f5 16. Rad1 d5 17. Kh1 Nc6 18. Ndxf5 exf5 19. Nxd5 Ra7 20. Nf6+
Ke7 21. Bf3 Bg7 22. Bxc6 Bxf6 23. exf6+ Kxf6 24. Qe1 h6 25. Rd5 Qe7 26. Qf2
Kg7 27. Re1 Qc7 28. Qd4+ Kh7 29. Rd6 Rg8 30. Rxh6+ Kxh6 31. Qf6+ Kh7 32.
Re3 1-0

[Event "8th Dubai Open"]
[Site "Dubai UAE"]
[Date "2006.04.29"]
[Round "7"]
[White "Ramesh,R"]
[Black "Pantsulaia,L"]
[Result "1/2-1/2"]
[WhiteElo "2507"]
[BlackElo "2611"]
[EventDate "2006.04.23"]

1. e4 c6 2. d4 d5 3. e5 Bf5 4. Nf3 e6 5. Be2 Ne7 6. O-O Ng6 7. Be3 Nd7 8.
Nbd2 f6 9. exf6 Qxf6 10. Bg5 Qf7 11. Nh4 Bd6 12. Bh5 h6 13. Nxf5 1/2-1/2

[Event "8th Dubai Open"]
[Site "Dubai UAE"]
[Date "2006.04.29"]
[Round "7"]
[White "El Taher,F"]
[Black "Ghaem Maghami,E"]
[Result "1/2-1/2"]
[WhiteElo "2468"]
[BlackElo "2584"]
[EventDate "2006.04.23"]

1. e4 c5 2. Nf3 d6 3. d4 cxd4 4. Nxd4 Nf6 5. Nc3 a6 6. Be2 e5 7. Nb3 Be7 8.
O-O O-O 9. Kh1 b6 10. Be3 Bb7 11. f3 b5 12. a4 b4 13. Nd5 Nxd5 14. exd5 Nd7
15. c4 bxc3 16. bxc3 Bg5 17. Bf2 Qc7 18. c4 Rab8 19. a5 Ba8 20. Bd3 1/2-1/2

[Event "8th Dubai Open"]
[Site "Dubai UAE"]
[Date "2006.04.29"]
[Round "7"]
[White "Sareen,V"]
[Black "Gagunashvili,M"]
[Result "1/2-1/2"]
[WhiteElo "2386"]
[BlackElo "2560"]
[EventDate "2006.04.23"]

1. e4 d6 2. d4 Nf6 3. Nc3 g6 4. Nf3 Bg7 5. Be2 O-O 6. O-O Bg4 7. Be3 Nc6 8.
h3 Bxf3 9. Bxf3 Re8 10. Be2 a6 11. f4 e5 12. fxe5 dxe5 13. d5 Nd4 14. Qd2
Nd7 15. Bg5 f6 16. Be3 f5 17. exf5 gxf5 18. Bh5 Rf8 19. Bxd4 exd4 20. Ne2
Nf6 21. Rxf5 Qd7 22. Raf1 Nxh5 23. Rxh5 Rxf1+ 24. Kxf1 Qf7+ 25. Nf4 Rf8 26.
Rh4 Qxd5 27. Kg1 Qe4 28. Rg4 Qe5 29. Qf2 h5 30. Rh4 c5 31. g3 c4 32. Qg2 d3
33. cxd3 Qd4+ 34. Qf2 cxd3 35. Qxd4 Bxd4+ 36. Kf1 Bxb2 37. Ke1 Bc3+ 38. Kd1
d2 39. Rxh5 Rf6 40. Rc5 Bb4 41. Rc8+ Kh7 42. Rc7+ Kh6 43. Rxb7 a5 44. a3
Bxa3 45. Kxd2 Bd6 46. Ra7 1/2-1/2

[Event "8th Dubai Open"]
[Site "Dubai UAE"]
[Date "2006.04.29"]
[Round "7"]
[White "Krivoshey,S"]
[Black "Adly,A"]
[Result "1/2-1/2"]
[WhiteElo "2531"]
[BlackElo "2460"]
[EventDate "2006.04.23"]

1. d4 d5 2. c4 e6 3. Nc3 Nf6 4. Bg5 c6 5. e3 Nbd7 6. Nf3 Qa5 7. Nd2 Bb4 8.
Qc2 Ne4 9. Ncxe4 dxe4 10. Bh4 e5 11. a3 O-O 12. O-O-O Bxd2+ 13. Qxd2 Qxd2+
14. Rxd2 exd4 15. Rxd4 Re8 16. Be2 Nc5 17. Kc2 a5 18. Rhd1 Be6 19. Rd8 f6
20. Rxa8 Rxa8 21. Bg3 Nd3 22. Kc3 b5 23. Bxd3 exd3 24. c5 Rd8 25. Bd6 Bd5
26. f3 f5 27. Kxd3 Kf7 28. Kd4 Re8 29. Re1 a4 30. e4 fxe4 31. fxe4 Bc4 32.
Re3 Re6 33. Be5 Re7 34. Rg3 Rd7+ 35. Bd6 Ke6 36. Rh3 g6 37. Rf3 Rf7 38.
Rxf7 Kxf7 39. Ke5 Bd3 40. Bc7 Bb1 41. Ba5 Ke7 42. Bd2 h5 43. Bg5+ 1/2-1/2

[Event "8th Dubai Open"]
[Site "Dubai UAE"]
[Date "2006.04.29"]
[Round "7"]
[White "Kotsur,P"]
[Black "Salem,AR"]
[Result "1-0"]
[WhiteElo "2570"]
[BlackElo "2124"]
[EventDate "2006.04.23"]

1. e4 c5 2. Nf3 d6 3. d4 cxd4 4. Nxd4 Nf6 5. f3 g6 6. c4 Bg7 7. Nc3 O-O 8.
Be2 Nc6 9. Nc2 Bd7 10. O-O Rc8 11. Be3 Ne5 12. b3 Qa5 13. Bd2 Qb6+ 14. Be3
Qa5 15. Qd2 Nc6 16. Qe1 e6 17. Nb5 Qxe1 18. Raxe1 d5 19. Nd6 Rc7 20. Rd1
dxe4 21. fxe4 e5 22. Nb5 Rfc8 23. Nxc7 Rxc7 24. Bf3 Bg4 25. Rd2 Bxf3 26.
gxf3 Kf8 27. Rfd1 Ke8 28. b4 Nd7 29. c5 f5 30. b5 Nd4 31. Nxd4 exd4 32.
Bxd4 Bxd4+ 33. Rxd4 Nxc5 34. exf5 gxf5 35. Rd5 f4 36. Re1+ 1-0

[Event "8th Dubai Open"]
[Site "Dubai UAE"]
[Date "2006.04.29"]
[Round "7"]
[White "Ghane,S"]
[Black "Anastasian,A"]
[Result "0-1"]
[WhiteElo "2352"]
[BlackElo "2553"]
[EventDate "2006.04.23"]

1. d4 Nf6 2. Nf3 e6 3. c4 b6 4. Nc3 Bb4 5. Bg5 h6 6. Bh4 Bxc3+ 7. bxc3 Bb7
8. Nd2 g5 9. Bg3 d6 10. f3 Nbd7 11. e4 Qe7 12. Be2 Nh5 13. Bf2 Nf4 14. O-O
f5 15. exf5 exf5 16. Re1 O-O-O 17. a4 g4 18. Bf1 Qg5 19. g3 gxf3 20. a5
Rde8 21. Nxf3 Qg4 22. Nh4 Nh3+ 23. Bxh3 Qxh3 24. Rxe8+ Rxe8 25. Qh5 Rf8 26.
Be3 Be4 27. axb6 axb6 28. Bxh6 Nf6 29. Qg6 f4 30. Ra8+ Kb7 31. Qxe4+ Nxe4
32. Rxf8 fxg3 33. hxg3 Nxg3 0-1

[Event "8th Dubai Open"]
[Site "Dubai UAE"]
[Date "2006.04.29"]
[Round "7"]
[White "Babaev,Ra"]
[Black "Habu,Y"]
[Result "1/2-1/2"]
[WhiteElo "2481"]
[BlackElo "2382"]
[EventDate "2006.04.23"]

1. e4 e6 2. d4 d5 3. Nd2 c5 4. Ngf3 cxd4 5. Nxd4 Nc6 6. Bb5 Nge7 7. O-O Bd7
8. Nxc6 Bxc6 9. Qe2 g6 10. Bxc6+ Nxc6 11. Qb5 Qb6 12. Qxb6 axb6 13. exd5
exd5 14. Re1+ Kd7 15. c3 f6 16. Nf3 Bd6 17. Be3 Bc5 18. a3 Bxe3 19. Rxe3
Rhe8 20. Rd3 Ke6 21. Re1+ Ne5 22. Rde3 Kd6 23. Nd4 Kd7 24. Kf1 Nc4 25. R3e2
Re5 26. Nf3 Rxe2 27. Rxe2 Re8 28. Rc2 b5 29. Nd4 Nd6 30. g3 Kc7 31. Ne2 Nc4
32. Nf4 Kd6 33. Ne2 Kc5 34. Nc1 Kd6 35. Ne2 Kc5 36. h4 Re7 37. Nc1 Kd6 38.
Nb3 Re8 39. Nd4 Kc5 40. Nb3+ Kd6 41. Nc1 Kc6 42. Ne2 Kc5 43. Kg2 Re3 44.
b4+ Kb6 45. Nf4 Kc6 46. Rc1 Re5 47. Ra1 g5 48. hxg5 fxg5 49. Nd3 Re6 50.
Nc5 Rf6 51. Nb3 h6 52. a4 bxa4 53. Nd4+ Kb6 54. Rxa4 Nd6 55. f3 Nb5 56.
Nxb5 Kxb5 57. Ra5+ Kc4 58. Rc5+ Kd3 59. Rc7 1/2-1/2

[Event "8th Dubai Open"]
[Site "Dubai UAE"]
[Date "2006.04.29"]
[Round "7"]
[White "Teichmann,E"]
[Black "Gupta,Ab"]
[Result "0-1"]
[WhiteElo "2320"]
[BlackElo "2449"]
[EventDate "2006.04.23"]

1. b4 e5 2. Bb2 Bxb4 3. Bxe5 Nf6 4. Nf3 O-O 5. e3 d5 6. c4 Re8 7. Bb2 c5 8.
cxd5 Nxd5 9. Be2 Nc6 10. O-O Bf5 11. d4 Qe7 12. a3 Ba5 13. Qb3 Rad8 14. Rd1
Bg4 15. h3 Bh5 16. dxc5 Qxc5 17. Rc1 Qe7 18. Bd1 Bc7 19. Nbd2 Bb8 20. Nf1
Bg6 21. Bc2 a6 22. Bxg6 hxg6 23. Rab1 Na5 24. Qa4 Bc7 25. N1d2 b5 26. Qg4
Bb8 27. Bd4 Ba7 28. Bxa7 Qxa7 29. Nd4 Qe7 30. N2f3 Qd6 31. Ra1 Nf6 32. Qg5
Ne4 33. Qh4 Nf6 34. Qg5 Rc8 35. Rxc8 Rxc8 36. a4 Rc5 37. Qh4 bxa4 38. g3 a3
39. Kg2 Nc4 40. Qf4 Qxf4 41. gxf4 Ne4 42. Ne5 Nxe5 43. fxe5 Ra5 44. f3 Nc3
45. Kf2 a2 46. f4 Ra3 47. Ke1 Ne4 48. Nc2 Rb3 49. Ke2 a5 50. Kf3 Nc3 0-1

[Event "8th Dubai Open"]
[Site "Dubai UAE"]
[Date "2006.04.29"]
[Round "7"]
[White "Stock,L"]
[Black "Kayumov,S"]
[Result "1/2-1/2"]
[WhiteElo "2200"]
[BlackElo "2426"]
[EventDate "2006.04.23"]

1. e4 e5 2. Nf3 Nc6 3. d4 exd4 4. Nxd4 Nge7 5. Bc4 Nxd4 6. Qxd4 Nc6 7. Qd5
Qf6 8. O-O Ne5 9. Bb3 c6 10. Qd2 Bc5 11. Nc3 a5 12. Qf4 Qxf4 13. Bxf4 d6
14. Rad1 Ke7 15. Rfe1 f6 16. h3 g5 17. Bg3 h5 18. h4 gxh4 19. Bxh4 Ng6 20.
e5 dxe5 21. Bxf6+ Kxf6 22. Ne4+ Ke7 23. Nxc5 Rf8 24. c3 b6 25. Bc2 Bf5 26.
Bxf5 Rxf5 27. Rd7+ 1/2-1/2

[Event "8th Dubai Open"]
[Site "Dubai UAE"]
[Date "2006.04.29"]
[Round "7"]
[White "Simonenko,S"]
[Black "Sai,Sr"]
[Result "1/2-1/2"]
[WhiteElo "2409"]
[BlackElo "2309"]
[EventDate "2006.04.23"]

1. d4 Nf6 2. Nf3 g6 3. Nbd2 d5 4. e3 Bg7 5. b4 O-O 6. c4 dxc4 7. Bxc4 b6 8.
O-O Bb7 9. a4 c5 10. bxc5 bxc5 11. Rb1 Bd5 12. dxc5 Bxc4 13. Nxc4 Qxd1 14.
Rxd1 Ne4 15. Bb2 Bxb2 16. Rxb2 Nxc5 17. a5 Nc6 18. Nfe5 Rfd8 19. Rdb1 Nxe5
20. Nxe5 Nd3 21. Nxd3 Rxd3 22. Rb7 e6 23. g4 Ra3 24. R1b5 a6 25. Rc5 Ra2
26. Kg2 Rd8 27. Rcc7 Rf8 28. Rc5 Rd8 29. Rcc7 Rf8 1/2-1/2

[Event "8th Dubai Open"]
[Site "Dubai UAE"]
[Date "2006.04.29"]
[Round "7"]
[White "Satyapragyan,S"]
[Black "Himdan,M"]
[Result "1-0"]
[WhiteElo "2403"]
[BlackElo "2297"]
[EventDate "2006.04.23"]

1. e4 e5 2. Nf3 Nc6 3. Bb5 a6 4. Ba4 d6 5. O-O Nf6 6. Re1 g6 7. d4 b5 8.
Bb3 Bg4 9. c3 Bg7 10. h3 Bxf3 11. Qxf3 O-O 12. d5 Na5 13. Bc2 c6 14. dxc6
Nxc6 15. Bg5 h6 16. Bh4 Qe7 17. Nd2 Nd8 18. Nf1 Ne6 19. Ne3 Ng5 20. Bxg5
hxg5 21. Rad1 Rfd8 22. Bb3 Rab8 23. a3 Bf8 24. Nd5 Nxd5 25. Bxd5 Kg7 26.
Qg4 Rd7 27. Re3 Qd8 28. Rf3 Rc7 29. g3 a5 30. Kg2 b4 31. axb4 axb4 32. c4
Ra7 1-0

[Event "8th Dubai Open"]
[Site "Dubai UAE"]
[Date "2006.04.29"]
[Round "7"]
[White "Jasim,A"]
[Black "Neverov,V"]
[Result "1/2-1/2"]
[WhiteElo "2324"]
[BlackElo "2572"]
[EventDate "2006.04.23"]

1. Nf3 Nf6 2. g3 d5 3. Bg2 c6 4. O-O Bg4 5. c4 e6 6. d3 Nbd7 7. cxd5 Nxd5
8. Nc3 Bd6 9. h3 Bh5 10. e4 N5b6 11. b3 O-O 12. Bb2 f5 13. Qd2 Bxf3 14.
Bxf3 Ne5 15. Bg2 f4 16. gxf4 Ng6 17. Ne2 Bxf4 18. Qc3 Rf7 19. Bc1 Qg5 20.
d4 Bxc1 21. Raxc1 Raf8 22. Qg3 Qh6 23. Qe3 Nf4 24. Nxf4 Rxf4 25. Rc3 Nd7
26. d5 c5 27. e5 b6 28. Rc4 1/2-1/2

[Event "8th Dubai Open"]
[Site "Dubai UAE"]
[Date "2006.04.29"]
[Round "7"]
[White "El Arousy,A"]
[Black "Kolyaie,H"]
[Result "1-0"]
[WhiteElo "2369"]
[BlackElo "2080"]
[EventDate "2006.04.23"]

1. d4 Nf6 2. c4 c5 3. Nf3 cxd4 4. Nxd4 g6 5. Nc3 Bg7 6. e4 d6 7. Be2 Nc6 8.
Be3 O-O 9. O-O Bd7 10. f3 Rc8 11. Qd2 a6 12. Rac1 Re8 13. Rfd1 Nxd4 14.
Bxd4 Qa5 15. a4 Be6 16. b3 Rc6 17. Rb1 Qh5 18. Be3 Rec8 19. Bf1 Nd7 20. Ne2
Nc5 21. g4 Bxg4 22. Ng3 Qh4 23. fxg4 Qxg4 24. Bg2 Be5 25. Qf2 Nxb3 26. Bf3
Qe6 27. Rxb3 Rxc4 28. Rxb7 Rxa4 29. Kg2 h5 30. Ne2 Qf6 31. Rd2 Ra1 32. h4
Qe6 33. Bg5 f6 34. Bf4 Kf7 35. Bxe5 dxe5 36. Rdd7 Re8 37. Qc5 Kf8 38. Qd5
Qxd5 39. Rxd5 a5 40. Ra7 a4 41. Rda5 Rd8 42. Rxa4 Rxa4 43. Rxa4 Rd2 44. Kf2
Kf7 45. Ra7 Ke6 46. Ke3 1-0

[Event "8th Dubai Open"]
[Site "Dubai UAE"]
[Date "2006.04.29"]
[Round "7"]
[White "Sharbaf,M"]
[Black "Lavasani,J"]
[Result "1-0"]
[WhiteElo "2362"]
[BlackElo "2032"]
[EventDate "2006.04.23"]

1. d4 e6 2. e3 Nf6 3. Bd3 d5 4. Nd2 Nbd7 5. f4 c5 6. c3 Bd6 7. Qe2 b6 8.
Ngf3 Bb7 9. Ne5 Ne4 10. Nxe4 dxe4 11. Bb5 Bxe5 12. dxe5 a6 13. Ba4 b5 14.
Bc2 c4 15. b3 Bd5 16. Ba3 Qb6 17. O-O Nc5 18. Bxc5 Qxc5 19. b4 Qb6 20. a4
O-O 21. a5 Qa7 22. Rad1 Rad8 23. Rd4 Qa8 24. Rfd1 g6 25. R1d2 Bc6 26. Qd1
Rd5 27. h4 Rfd8 28. h5 R8d7 29. Qg4 Kg7 30. Bxe4 Rxd4 31. Bxc6 Qxc6 32.
exd4 Qe4 33. Kf2 h6 34. hxg6 fxg6 35. Re2 Qd3 36. Re3 Qc2+ 37. Kg3 Rf7 38.
Qxe6 Rxf4 39. Kxf4 Qf2+ 40. Rf3 g5+ 41. Ke4 Qxg2 42. Qf7+ Kh8 43. e6 g4 44.
e7 1-0

[Event "8th Dubai Open"]
[Site "Dubai UAE"]
[Date "2006.04.29"]
[Round "7"]
[White "Joshi,GB"]
[Black "Toufighi,H"]
[Result "1/2-1/2"]
[WhiteElo "2269"]
[BlackElo "2347"]
[EventDate "2006.04.23"]

1. e4 e6 2. d4 d5 3. Nd2 c5 4. exd5 Qxd5 5. Ngf3 cxd4 6. Bc4 Qd6 7. O-O Nf6
8. Nb3 Nc6 9. Nbxd4 Nxd4 10. Qxd4 Bd7 11. Bf4 Qxd4 12. Nxd4 Rc8 13. Be2 Nd5
14. Bg3 Bc5 15. Nb3 Bb6 16. c3 O-O 17. Rad1 Rfd8 18. Bf3 Bc6 19. c4 Nb4 20.
c5 Bxf3 21. gxf3 Rxd1 22. Rxd1 Bd8 23. Rd7 b6 24. Rxa7 bxc5 25. Nd2 Bf6 26.
Nc4 h5 27. a4 Rd8 28. Bd6 Nd3 29. b3 h4 30. h3 Nb2 31. Ra6 Nxc4 32. bxc4
Bc3 33. Rb6 Kh7 34. Bxc5 Rd1+ 35. Kg2 Ra1 36. Rb3 Ba5 37. Ba3 Ra2 38. c5
Be1 39. Kf1 Bxf2 40. a5 Bxc5 41. Bxc5 Rxa5 42. Bd4 Ra4 43. Bb2 Rc4 44. Bc3
g5 45. Kf2 Kg6 46. Ra3 Rc6 47. Ke3 Rc4 48. Kd3 Rc5 49. Ra5 1/2-1/2

[Event "8th Dubai Open"]
[Site "Dubai UAE"]
[Date "2006.04.29"]
[Round "7"]
[White "Priyadharshan,K"]
[Black "Anilkumar,O"]
[Result "0-1"]
[WhiteElo "2135"]
[BlackElo "2284"]
[EventDate "2006.04.23"]

1. e4 g6 2. d4 Bg7 3. Nf3 c6 4. Bd3 d5 5. e5 Bg4 6. h3 Bxf3 7. Qxf3 e6 8.
c3 Nd7 9. h4 h5 10. Bg5 Qb6 11. b3 c5 12. Qf4 Ne7 13. Nd2 Nc6 14. Nf3 cxd4
15. cxd4 Nb4 16. Qd2 Nxd3+ 17. Qxd3 Rc8 18. O-O O-O 19. Rac1 Rfe8 20. Nh2
Qa6 21. Qxa6 bxa6 22. Bd2 Bf8 23. f4 Ba3 24. Rxc8 Rxc8 25. Be3 Rc3 26. Rf3
Nb8 27. Nf1 Nc6 28. Rf2 Ne7 29. Re2 Nf5 30. Kf2 Nxh4 31. Ng3 Kf8 32. Re1
Ke7 33. Re2 Kd7 34. Re1 Rd3 35. Nf1 Nf5 36. Ke2 Rc3 37. Rd1 Bb4 38. Rd3
Rc2+ 39. Bd2 Rxa2 40. Kd1 a5 41. g3 Ra1+ 42. Ke2 Rb1 43. Bxb4 axb4 44. Nd2
Rg1 45. Kf2 Rc1 46. Ke2 Rc3 47. Nf1 Rxb3 0-1

[Event "8th Dubai Open"]
[Site "Dubai UAE"]
[Date "2006.04.29"]
[Round "7"]
[White "Baum,B"]
[Black "Sarsam,S"]
[Result "0-1"]
[WhiteElo "2202"]
[BlackElo "2399"]
[EventDate "2006.04.23"]

1. e4 e6 2. d4 d5 3. Nd2 c5 4. exd5 exd5 5. Ngf3 Nc6 6. Bb5 a6 7. Bxc6+
bxc6 8. O-O cxd4 9. Nxd4 c5 10. Re1+ Be7 11. Nc6 Qc7 12. Nxe7 Nxe7 13. Qe2
Ra7 14. Nb3 O-O 15. Bd2 Be6 16. Qh5 Rc8 17. Re3 Qd7 18. Rae1 Ng6 19. Rg3
Rac7 20. f4 d4 21. Rg5 c4 22. Nc5 Qc6 23. Nxe6 fxe6 24. Qg4 Nf8 25. Bb4 d3
26. Bc3 Qb6+ 27. Kh1 Qb7 28. cxd3 cxd3 29. Rd1 h6 30. Rh5 Qe4 31. Re5 Qh7
32. Re3 Rd7 33. Rexd3 Rxd3 34. Rxd3 Rxc3 0-1

[Event "8th Dubai Open"]
[Site "Dubai UAE"]
[Date "2006.04.29"]
[Round "7"]
[White "Darini,P"]
[Black "Prathamesh,S"]
[Result "1-0"]
[WhiteElo "2194"]
[BlackElo "2366"]
[EventDate "2006.04.23"]

1. e4 c5 2. b3 b6 3. Bb2 Bb7 4. Nc3 Nf6 5. e5 Ng8 6. Nf3 g6 7. Bc4 Bg7 8.
Qe2 Nh6 9. h4 a6 10. h5 b5 11. Bd5 Nc6 12. Ne4 Qb6 13. hxg6 O-O-O 14. gxf7
Nb4 15. Bxb7+ Kxb7 16. d4 cxd4 17. Bxd4 Qc6 18. c3 Nd5 19. Qd2 Nxf7 20. e6
Qxe6 21. Bxg7 Qxe4+ 22. Kf1 Rhg8 23. Re1 Qf5 24. Re5 Qb1+ 25. Re1 Qf5 26.
Re5 Qb1+ 27. Re1 Qf5 28. Be5 e6 29. Bg3 Rc8 30. Rc1 Ng5 31. Nxg5 Rxg5 32.
Kg1 Rg4 33. Rh4 Rxh4 34. Bxh4 Qg4 35. Bg3 h5 36. Be5 h4 37. Qd4 Qg5 38. f4
Qg3 39. Qf2 Qd3 40. Qf3 Qd2 41. Rd1 Qxa2 42. Rxd5 exd5 43. Qxd5+ Kb6 44.
Bd4+ Kc7 45. Qc5+ 1-0

[Event "8th Dubai Open"]
[Site "Dubai UAE"]
[Date "2006.04.29"]
[Round "7"]
[White "Doostkam,P"]
[Black "Othman,A"]
[Result "1-0"]
[WhiteElo "2188"]
[BlackElo "2360"]
[EventDate "2006.04.23"]

1. c4 Nf6 2. Nc3 g6 3. e4 d6 4. d4 Bg7 5. Nf3 O-O 6. Be2 c5 7. d5 b5 8.
cxb5 a6 9. O-O axb5 10. Bxb5 Qb6 11. Qe2 Ba6 12. a4 Bxb5 13. Nxb5 Nbd7 14.
Nd2 Qa6 15. Nc4 Nb6 16. Nxb6 Qxb6 17. Bd2 Rfb8 18. Bc3 Ne8 19. f4 Nc7 20.
Nxc7 Qxc7 21. e5 Qb7 22. Qf3 Qd7 23. a5 Rb3 24. Qe4 Qb7 25. f5 dxe5 26.
fxg6 fxg6 27. a6 Rxa6 28. Rxa6 Qxa6 29. d6 e6 30. d7 Rb8 31. Bxe5 Rd8 32.
Bxg7 Kxg7 33. Qe5+ Kg8 34. Qf6 Qb6 35. Qf7+ Kh8 36. Qf8+ 1-0

[Event "8th Dubai Open"]
[Site "Dubai UAE"]
[Date "2006.04.29"]
[Round "7"]
[White "Sergeeva,M"]
[Black "Ghader Pour,S"]
[Result "1-0"]
[WhiteElo "2355"]
[BlackElo "2144"]
[EventDate "2006.04.23"]

1. e4 c5 2. Nf3 d6 3. d4 cxd4 4. Nxd4 Nf6 5. Nc3 a6 6. Bg5 e6 7. f3 Be7 8.
Qd2 b5 9. O-O-O Bb7 10. h4 Nbd7 11. Kb1 b4 12. Nce2 d5 13. Bxf6 Nxf6 14. e5
Nd7 15. f4 Nb6 16. f5 Nc4 17. Qf4 Qb6 18. Rh3 a5 19. Qg4 g6 20. fxe6 fxe6
21. Nf4 Nxe5 22. Qe2 Nd7 23. Nfxe6 Nf6 24. Qe5 Rc8 25. Rf3 Bc6 26. Rxf6
Bxf6 27. Qxf6 Rg8 28. Ng7+ Kd7 29. Qf7+ Kd6 30. Ndf5+ gxf5 31. Nxf5+ Ke5
32. Re1+ Kf4 33. Nh6+ 1-0

[Event "8th Dubai Open"]
[Site "Dubai UAE"]
[Date "2006.04.29"]
[Round "7"]
[White "Saud,M"]
[Black "Semiev,S"]
[Result "0-1"]
[WhiteElo "2154"]
[BlackElo "2302"]
[EventDate "2006.04.23"]

1. Nf3 Nf6 2. g3 b5 3. Bg2 Bb7 4. O-O e6 5. d4 Be7 6. b3 O-O 7. Bb2 d5 8.
Nbd2 b4 9. a3 a5 10. axb4 axb4 11. Rxa8 Bxa8 12. Qa1 Nbd7 13. Ne5 Nxe5 14.
dxe5 Nd7 15. Rd1 c5 16. Qa7 Bc6 17. c4 bxc3 18. Bxc3 f6 19. exf6 Bxf6 20.
Bxf6 Qxf6 21. Nf3 e5 22. Bh3 e4 23. Bxd7 exf3 24. e3 Qf7 25. Qxc5 Bxd7 26.
Rxd5 Rc8 27. Qxc8+ Bxc8 28. Rd8+ Qf8 29. Rxf8+ Kxf8 30. Kf1 Ke7 31. Ke1 Kd6
32. Kd2 g5 33. Kd3 g4 34. Ke4 0-1

[Event "8th Dubai Open"]
[Site "Dubai UAE"]
[Date "2006.04.30"]
[Round "8"]
[White "Fedorchuk,S"]
[Black "Petrosian,TL"]
[Result "1/2-1/2"]
[WhiteElo "2576"]
[BlackElo "2571"]
[EventDate "2006.04.23"]

1. e4 c5 2. Nf3 d6 3. d4 cxd4 4. Nxd4 Nf6 5. Nc3 a6 6. a4 g6 7. Be2 Bg7 8.
Be3 O-O 9. O-O Nc6 10. f4 Bd7 1/2-1/2

[Event "8th Dubai Open"]
[Site "Dubai UAE"]
[Date "2006.04.30"]
[Round "8"]
[White "Sadvakasov,D"]
[Black "Ghaem Maghami,E"]
[Result "1/2-1/2"]
[WhiteElo "2619"]
[BlackElo "2584"]
[EventDate "2006.04.23"]

1. e4 c5 2. Nf3 d6 3. d4 cxd4 4. Nxd4 Nf6 5. Nc3 a6 6. Be3 e5 7. Nb3 Be7 8.
f3 Be6 9. Qd2 O-O 10. O-O-O Nbd7 11. g4 b5 12. g5 b4 13. Ne2 Ne8 14. Ng3 a5
15. Kb1 Nc7 16. f4 a4 17. f5 axb3 18. cxb3 Qb8 19. fxe6 fxe6 20. Bc4 Rd8
21. Nf5 Bf8 22. Nh6+ gxh6 23. gxh6 Qb7 24. Qg2+ Kh8 25. Rdf1 Bxh6 26. Bxh6
Rg8 27. Qf3 Rg6 28. Be3 Rf8 29. Qe2 Qxe4+ 30. Qd3 Qxd3+ 31. Bxd3 Rgf6
1/2-1/2